| 000 | 01409nam a22003497a 4500 | ||
|---|---|---|---|
| 999 |
_c65950 _d65950 |
||
| 005 | 20240530110851.0 | ||
| 008 | 200912s2019 ua a f b 000 0dara d | ||
| 017 |
_a2017/20976 _bمصر. دار الكتب |
||
| 020 | _a9789779212388 | ||
| 040 |
_aEG-CaGPL _cEG-CaGPL |
||
| 082 | 0 | 4 |
_221 _a180\ _bر ب |
| 100 | 1 | _aروس ، جاكلين | |
| 245 | 1 | 0 |
_aبانوراما الافكار الفلسفية من افلاطون الى الفلاسفة المعاصرين / _cتاليف جاكلين روس ؛ تقديم فرنسوا دوس ؛ ترجمة سونيا محمود نجا |
| 250 | _aط.1 | ||
| 260 |
_aالقاهرة : _bالمركز القومى للترجمة ، _c2019 |
||
| 300 |
_a362 ص. ؛ _c24 سم. |
||
| 490 | 0 |
_aالمركز القومى للترجمة ؛ _v3138 |
|
| 504 | _aيشتمل على ارجاعات ببليوجرافية | ||
| 600 | 0 | _aارسطو | |
| 600 | 0 | _aكانط | |
| 600 | 0 | _aافلاطون | |
| 650 | 0 | 7 |
_aالفلسفة _2qrmak _xتاريخ |
| 650 | 0 | 7 |
_aالفلسفة _2qrmak _xنظريات |
| 650 | 0 | 7 |
_aالفلسفة اليونانية _2qrmak |
| 650 | 0 | 7 | _aالفلسفة الكلاسيكية |
| 650 | 0 | 7 |
_aالكتب التعليمية _2qrmak |
| 651 | _2qrmak | ||
| 700 | 0 |
_aسونيا محمود نجا _eمترجم |
|
| 700 | 0 |
_aفرنسوا دوس _eمقدم |
|
| 942 |
_2ddc _cBK |
||